Nuclear law supplement to No. 67

Salvato in:
Dettagli Bibliografici
Natura: Libro
Lingua:inglese
Pubblicazione: Paris OECD 2001
Soggetti:
Tags: Aggiungi Tag
Nessun Tag, puoi essere il primo ad aggiungerne!!

MARC

LEADER 00000nam a2200000 4500
001 c126836
005 20221124103551.8
020 |a 92-64-18736-7 
041 0 |a eng 
044 |a FR 
245 1 0 |a Nuclear law  |b supplement to No. 67 
264 1 |a Paris  |b OECD  |c 2001 
300 |a 19 s. 
610 2 0 |a energia atómová 
610 2 0 |a zákony 
610 2 0 |a legislatíva 
610 2 0 |a predpisy právne 
610 2 0 |a rádioaktivita 
610 2 0 |a bezpečnosť jadrová 
610 2 0 |a ochrana civilná 
610 2 0 |a zmluvy medzinárodné 
610 2 0 |a Lotyšsko